000 00821cam a22002537a 4500
003 MX-MxUPN
005 20260327103657.0
008 230620b2005 mx| ||| r|||| 000 0 spa d
020 _a9709969021
040 _aMX-MxUPN
_bspa
041 _aspa
050 4 _aPQ7298.17 A725
_bA6 2005
100 1 _aGarcía Ramírez, Sergio,
_d1938-
_935355
245 1 0 _aEscritos literarios
250 _aPrimera edición
260 _aMéxico, D.F. :
_bSeminario de Cultura Mexicana,
_c2005
300 _a173 paginas
490 0 _aCuadernos del Seminario de Cultura Mexicana
650 4 _aLiteratura mexicana
_ySiglo XX
_95344
700 1 _aTorre Villar, Ernesto de la,
_d1917-2009
_929618
_epresentación
902 _aFernandoJiménezSánchez200623
_bVìctorGodìnez/270326
942 _2lcc
_cLIBRO
999 _c209849
_d209849